000 00869cab a22002295a 4500
001 L160030
008 150113e2016 xxk 000 0 eng d
035 _a(Sirsi) u160030
041 0 _aeng
050 _a333.72
100 1 _aBruhl, M.
245 0 0 _aLeading from the front
_h[electronic resource]
260 _aLondon
_bRICS
_c2016
490 _aRICS Building Surveying Journal
_vMarch 2016 - April 2016, 8-9(2)
520 _aExplains how RICS is taking the initiative on sustainability and risk management.
650 2 4 _aABOUT RICS
650 2 4 _aRISK MANAGEMENT
690 _aSustainability
_96271
856 4 0 _uhttps://www.rics.org/Global/BSJ-BCJ%20March-April%202016_v2.pdf
_zView the article free of charge at www.rics.org...
856 4 0 _uhttps://www.rics.org/Global/BSJ-BCJ%20March-April%202016_v2.pdf
_yAvailable free online via Issuu
942 _n0
_2ddc
999 _c85145
_d85145